000 01129nam a2200289 c 4500
003 BLK
005 20240403091846.0
008 180409b bul|||||r ||||||| ||bul||
010 _aKNG00120272000
040 _aBLK
041 _aBUL
_cBUL
080 _aЗанимания в предучилищна възраст
_b372.3
_x(075.9)
_z372.3(075.9)
100 _aКовачева, Иванка Петкова
_gПедагог
_9263644
139 _aКовачева, Иванка Петкова
_bК 72
245 1 0 _aЛитературната творба и детето
_bСпецифика на работата с литер. произв. в детската градина
_cИванка Ковачева.
257 _aBGR
260 _bИнст. за повишаване квалификацията на учит. кадри
_c1986
300 _a252 с.
_c21 см
380 _a3
852 _aЦб 154815
856 4 _qpdf
856 4 _qpdf
942 _cKNG
_n0
944 _aCR
_c30.01.2018
_k30560
_lГеновева Генчева
944 _aED
_c30.01.2018
_kНора_Радева
999 _c114835
_d114835
999 _d114835